000 00298cam a2200121 4500
001 L135750
008 061208n2006 000 0 eng u
020 _a8790907558
035 _a(Sirsi) u135750
245 _aAdiminstering marine spaces international issues
260 _aFIG
_c2006
942 _n0
999 _c106185
_d106185